Komunikace neslyšících - odezírání /

Hlavní autor: Strnadová, Věra, 1953-
Korporativní autor: Česká unie neslyšících
Jazyk: Čeština
Vydáno: Liberec : Technická univerzita, 1996
Vydání: Vyd. 1.
Témata:
Externí odkaz: Digitalizovaný dokument
Fyzický popis: 201 s. : il. ; 29 cm
Knihy
Uloženo v:
LEADER 01868nam a2200421 a 4500
001 000248157
003 CZ BrMZK
005 20210802075152.0
008 970107s1996 xr f cze d
015 |a cnb000152028 
020 |a 80-7083-187-1  |q (brož.) 
035 |a (OCoLC)38151934 
040 |a ABA001  |b cze  |d BOA001 
072 7 |a 316.4/.7  |x Sociální interakce. Sociální komunikace  |2 Konspekt  |9 18 
072 7 |a 37.016  |x Učební osnovy. Vyučovací předměty. Učebnice  |2 Konspekt  |9 22 
080 |a 316.344.6-056.263  |2 MRF 
080 |a 316.772.2  |2 MRF 
080 |a (075.8)  |2 MRF 
100 1 |a Strnadová, Věra,  |d 1953-  |7 jn99240001141  |4 aut 
245 1 0 |a Komunikace neslyšících - odezírání /  |c Věra Strnadová 
250 |a Vyd. 1. 
260 |a Liberec :  |b Technická univerzita,  |c 1996 
300 |a 201 s. :  |b il. ;  |c 29 cm 
500 |a 100 výt. 
500 |a Spoluvydavatel: Česká unie neslyšících 
504 |a Obsahuje bibliografii a rejstřík 
521 |a Určeno pro stud. speciální pedagogiky PF a ostatních humanitních oborů 
650 0 7 |a osoby se sluchovým postižením  |7 ph116187  |2 czenas 
650 0 7 |a nonverbální komunikace  |7 ph115459  |2 czenas 
655 7 |a učebnice vysokých škol  |7 fd133772  |2 czenas 
710 2 |a Česká unie neslyšících  |7 nlk20030145704 
856 4 1 |u http://www.digitalniknihovna.cz/mzk/uuid/uuid:c56e3950-b514-11ea-b68c-005056827e52  |y Digitalizovaný dokument 
910 |a BOA001  |b PK-N-0033.447  |b TK-A-0258.245 
920 |a 000059557 
990 |a BK 
996 7 |b 2620002889  |c TK-A-0258.245  |l MZK  |r Sklad / do 24 hodin  |n 59  |p dar  |w 000248157  |u 000030  |a 1  |e BOA001  |j MZK50  |s A 
996 7 |b 3119009928  |c PK-N-0033.447  |l MZK  |r Sklad / do 1 hodiny  |n 67  |p kup  |w 000248157  |u 000010  |a 1  |e BOA001  |j MZK50  |s A 
996 7 |b 3119009929  |c PK-N-0033.447  |l MZK  |r Sklad / do 1 hodiny  |n 28  |p kup  |w 000248157  |u 000020  |a 1  |e BOA001  |j MZK50  |s A